书目信息 |
| 题名: |
藏克家散文选集
|
|
| 作者: | 刘锡庆 主编 | |
| 分册: | ||
| 出版信息: | 天津 百花文艺出版社 1989.04 |
|
| 页数: | 286页 | |
| 开本: | 32开 | |
| 丛书名: | ||
| 单 册: | ||
| 中图分类: | I267 | |
| 科图分类: | ||
| 主题词: | 散文--中国 , 散文--作品综合集--中国 | |
| 电子资源: | ||
| ISBN: | 7-5306-2618-3 | |
| 000 | 00587nam0 2200205 45 | |
| 001 | 0009021175 | |
| 005 | 20001108192023.7 | |
| 010 | @a7-5306-2618-3@d16.00元 | |
| 100 | @a20000902d1989 km y0chiy0120 ea | |
| 101 | 0 | @achi |
| 105 | @a z 000yy | |
| 200 | 1 | @a藏克家散文选集@ACang Ke Jia San Wen Xuan Ji@f刘锡庆主编@FLiu Xi Qing Zhu Bian |
| 210 | @a天津@c百花文艺出版社@d1989.04 | |
| 215 | @a286页@d32开 | |
| 606 | 0 | @a散文@x中国 |
| 606 | 0 | @a散文@x作品综合集@x中国 |
| 690 | @aI267@v3 | |
| 701 | 0 | @a刘锡庆@4主编 |
| 801 | @aCN@bPftUser@c20000902 | |
| 905 | @dI267@eZ348@b212995-002@f8 | |
| 藏克家散文选集/刘锡庆主编.-天津:百花文艺出版社,1989.04 |
| 286页;32开 |
| ISBN 7-5306-2618-3:16.00元 |
| ● |
| 相关链接 |
|
|
|
正题名:藏克家散文选集
索取号:I267/Z348
 
预约/预借
| 序号 | 登录号 | 条形码 | 馆藏地/架位号 | 状态 | 备注 |
| 1 | 212995 | 202129954 | 社科二线400B/400B社科库 27排1列3层/ [索取号:I267/Z348] | 在馆 | |
| 2 | 212996 | 202129963 | 社科二线400B/400B社科库 24排2列5层/ [索取号:I267/Z348] | 在馆 | |
| 3 | 212997 | 202129972 | 社科二线400B/400B社科库 27排1列3层/ [索取号:I267/Z348] | 在馆 | |
| 4 | 212998 | 202129981 | 社科二线400B/400B社科库 27排1列3层/ [索取号:I267/Z348] | 在馆 | |
| 5 | 212999 | 202129990 | 社科二线400B/400B社科库 19排4列2层/ [索取号:I267/Z348] | 在馆 | |
| 6 | 213000 | 202130005 | 社科二线400B/400B社科库 27排1列3层/ [索取号:I267/Z348] | 在馆 | |
| 7 | 213001 | 202130014 | 社科二线400B/400B社科库 27排1列3层/ [索取号:I267/Z348] | 在馆 | |
| 8 | 213002 | 202130023 | 社科二线400B/400B社科库 27排1列3层/ [索取号:I267/Z348] | 在馆 |